LIBRARY & INFORMATION CENTRE, KCAET, TAVANUR

ONLINE PUBLIC ACCESS CATALOGUE (OPAC)

Guidelines for predicting crop water requirements / (Record no. 8521)

MARC details
000 -LEADER
fixed length control field 00526cam a2200193ua 4500
020 ## - INTERNATIONAL STANDARD BOOK NUMBER
ISBN 92-5-10279-7
041 ## - LANGUAGE CODE
Language code of text/sound track or separate title eng
082 ## - DEWEY DECIMAL CLASSIFICATION NUMBER
Classification number 631.5874
Item number DOO/GU
100 ## - MAIN ENTRY--AUTHOR NAME
Personal name Doorenbos, J .
245 ## - TITLE STATEMENT
Title Guidelines for predicting crop water requirements /
250 ## - EDITION STATEMENT
Edition statement 1 /
260 ## - PUBLICATION, DISTRIBUTION, ETC. (IMPRINT)
Place of publication Rome :
Name of publisher Food and Agriculture organization of United States ,
Year of publication 1992.
300 ## - PHYSICAL DESCRIPTION
Number of Pages 144 ; .
700 1# - ADDED ENTRY--PERSONAL NAME
Personal name Pruitt, W O .
942 ## - ADDED ENTRY ELEMENTS (KOHA)
Koha item type Books
Holdings
Withdrawn status Lost status Damaged status Home library Current library Date acquired Full call number Accession Number Koha item type
      KAUAET KAUAET 07/04/2012 631.5874 18691 Reference
      KAUAET KAUAET 07/04/2012 631.5874 18690 Books
free website counter